[Event "Ojinaga Perla del Desierto op"]
[White "Rodriguez Nunez, Hector Mi"]
[Black "Avila Rodriguez, Joshua Ad"]
[Site "Ojinaga"]
[Round "5"]
[Result "0-1"]
[Date "2023.10.28"]
[WhiteElo "1749"]
[BlackElo "2206"]
[PlyCount "74"]
[EventDate "2023.10.26"]
[EventType "swiss"]
[EventRounds "7"]
[EventCountry "MEX"]
[SourceTitle "CBM 216 Extra"]
[Source "ChessBase"]
[SourceDate "2023.11.30"]
[SourceVersion "1"]
[SourceVersionDate "2023.11.30"]
[SourceQuality "1"]

1. e4 c5 2. Nf3 d6 3. Bb5+ Nd7 4. c3 Ngf6 5. Bd3 g6 6. Bc2 Bg7 7. d4 0-0 8. 0-0 Qc7 9. Re1 e5 10. d5 h6 11. c4 Qd8 12. Nc3 Ne8 13. Ba4 Nb6 14. Bxe8 Rxe8 15. Qd3 f5 16. Rb1 f4 17. a3 g5 18. b4 Nd7 19. Nd2 g4 20. Nb3 b6 21. Nb5 Bf8 22. bxc5 Nxc5 23. Nxc5 bxc5 24. Bd2 Re7 25. Rb3 Rg7 26. Qc2 h5 27. Rd3 Rb8 28. Qa4 Rbb7 29. Ba5 Qe8 30. Nc3 Qg6 31. Qc2 Rbf7 32. Bd8 h4 33. Rb1 g3 34. fxg3 hxg3 35. h3 Qh5 36. Rb8 Bxh3 37. Be7 Bg4 0-1